[Event "EICC 2021"]
[Site "Reykjavik"]
[Date "2021.08.28"]
[Round "3.12"]
[White "Dragnev, Valentin"]
[Black "Sargissian, Gabriel"]
[Result "1/2-1/2"]
[WhiteElo "2557"]
[BlackElo "2682"]
[Annotator "TA"]
[PlyCount "141"]
[EventDate "2021.08.26"]
[EventType "swiss"]
[EventCountry "ISL"]
[Tiebreak "Cut1 Buchholz"]
[SourceTitle "playchess.com"]
[Source "ChessBase"]
[SourceQuality "1"]

{[%evp 16,141,46,8,20,24,12,29,20,14,64,44,58,52,41,50,48,48,50,50,35,39,39,42,
38,35,56,56,70,77,72,61,51,52,83,82,79,81,85,64,78,78,78,78,78,78,78,78,78,78,
78,78,78,78,78,78,79,78,78,78,83,78,78,0,82,80,80,83,83,83,97,97,98,93,94,0,98,
0,124,152,178,151,104,8,8,0,0,0,0,0,0,0,0,-89,-89,-161,-161,-161,-161,-161,
-161,-856,-570,-816,-1154,-773,-1082,-493,-423,-407,-8,-8,-1,-1,-1,-1,-1,-8,0,
0,0,0,0,0,0,0,0,0]} 1. e4 e5 2. Nf3 Nc6 3. Bb5 a6 4. Ba4 Nf6 5. O-O b5 6. Bb3
Bc5 7. c3 d6 8. d4 Bb6 9. Be3 Bg4 {C78: Ruy Lopez: Archangelsk and Möller
Defences.} 10. Nbd2 O-O 11. h3 Bh5 {White has an edge.} 12. dxe5 $1 {[%mdl 4]
is recently more successful than 12.Bg5.} Bxe3 (12... dxe5 {is more complex.}
13. Qe2 Bxe3 14. Qxe3 Re8 15. Rfd1 Na5) 13. exf6 Bxd2 14. Qxd2 Bxf3 15. Qg5 {
[%csl Gf6][%cal Rg5g7]} Qxf6 16. Qxf6 gxf6 17. Bd5 Be2 18. Rfe1 Bc4 19. Bxc6
Rab8 {[#]} 20. b4 $146 ({Predecessor:} 20. b3 Be6 21. Rad1 Rfd8 22. Bd5 Rbc8
23. b4 c6 24. Bb3 Kf8 25. Re3 Ke7 26. f4 {1/2-1/2 (67) Pierrot,J (2393)
-Ocantos,M (2249) San Luis 2016}) 20... Rb6 21. Bd5 Re8 22. Bxc4 bxc4 $14 {
[%mdl 4096] Endgame KRR-KRR} 23. Rad1 a5 24. a3 axb4 25. axb4 c5 26. bxc5 dxc5
27. Re3 Kf8 28. Ra1 Rd8 29. Ra5 Rd3 30. Rxc5 Rb1+ 31. Kh2 Rxe3 32. fxe3 $16 {
KR-KR} Re1 33. Rxc4 Rxe3 34. Kg1 Re2 35. Kf1 Rc2 36. Rc5 Kg7 37. Rc8 Rd2 38.
Rc6 Rc2 39. Rc8 (39. Rc7 $16) 39... h5 (39... Rd2 $1 $11) 40. h4 Kh7 41. c4 Kg7
42. Rc5 Kf8 43. g3 Kg7 44. Ke1 Kg6 45. Kf1 Kg7 $1 46. Ke1 Kg6 47. Kd1 Rc3 48.
Kd2 Rxg3 49. Rd5 (49. Rc8 $1 $16 {[%cal Rc8g8] White threatens Rg8+ and mate.}
Rg2+ 50. Kd3) 49... Rg4 $11 50. Ke3 {And now c5 would win.} Rxh4 51. c5 {
Threatens to win with c6.} Rh1 52. Rd2 Rc1 53. Kd4 h4 54. Rg2+ (54. Kd5 $11 {
remains equal.}) 54... Kh5 $17 {Hoping for ...h3.} 55. Rg7 (55. Rg8 $17) 55...
h3 $19 56. Rh7+ Kg4 57. Rg7+ Kf4 58. Rh7 Rh1 {Strongly threatening ...h2.} 59.
Kc3 h2 {White must now prevent ...Rc1+.} 60. Kb2 Ke5 $1 {[%cal Re5e6]} 61. Rh4
{[#]} Ke6 $1 62. Rh7 {[#] If White can now play Ka2 this consolidates a bit.}
f5 $2 ({Black should try} 62... Ke7 $1 $19 {[%cal Re7d8] ...Kd8 is the strong
threat.} 63. Ka2 Kd8) 63. Rh6+ $1 $11 {The position is equal.} f6 (63... Kd7 {
feels hotter.} 64. exf5 Kc7 65. Ka2 Rc1 66. Rxh2 Rxc5 67. Rh7 Rxf5 68. Kb3 Kd7)
64. exf5+ Kd7 (64... Kd5 $5 65. c6 $8 Kd6 $11) 65. c6+ Kc7 66. Ka2 $1 Rc1 (
66... Rd1 {is interesting.} 67. Rxh2 Kxc6 68. Re2 Kc5 69. Kb3 Rd5) 67. Rxh2
Rxc6 68. Kb3 Kd6 69. Re2 $1 Kd5 70. Re8 Rc1 71. Re6 {What a bad dream for
Black.  Weighted Error Value: White=0.14/Black=0.06} 1/2-1/2

[Event "EICC 2021"]
[Site "Reykjavik"]
[Date "2021.08.28"]
[Round "3.13"]
[White "Navara, David"]
[Black "Martinovic, Sasa"]
[Result "1-0"]
[WhiteElo "2675"]
[BlackElo "2548"]
[Annotator "TA"]
[PlyCount "83"]
[EventDate "2021.08.26"]
[EventType "swiss"]
[EventCountry "ISL"]
[Tiebreak "Cut1 Buchholz"]
[SourceTitle "playchess.com"]
[Source "ChessBase"]
[SourceQuality "1"]

{[%evp 26,83,14,19,28,0,47,13,68,76,78,76,74,56,61,81,93,91,82,91,97,101,198,
186,204,181,203,191,184,192,183,172,232,218,273,253,354,362,363,371,404,406,
380,310,304,319,455,446,635,503,589,441,487,485,463,412,400,385,356,282]} 1. e4
c5 2. Nf3 d6 3. d4 cxd4 4. Nxd4 Nf6 5. Nc3 Nc6 6. Bg5 e6 7. Qd2 a6 8. O-O-O Bd7
9. f4 Be7 10. Nf3 b5 11. e5 b4 12. exf6 bxc3 13. Qxc3 gxf6 14. Bh4 Rg8 {
is cutting edge theory. B68: Sicilian: Richter-Rauzer: 7...a6 8 0-0-0 Bd7 9 f4
Be7 .} 15. Bd3 d5 16. Kb1 {[#]} Rg4 $146 (16... Rxg2 $2 17. Rhg1 $18) (16...
Rb8 $11) ({Predecessor:} 16... h6 17. a3 Na5 18. f5 Rc8 19. Qd2 e5 20. Nxe5
fxe5 21. Bxe7 Kxe7 22. Bxa6 Ra8 23. Qb4+ Ke8 24. Rxd5 Nc6 25. Qc4 Qf6 26. Bb5 {
1-0 (26) Murey,J (2500)-Shterenberg,P (2320) Israel 1984}) 17. g3 $14 Nb4 18.
Bxh7 Rc8 19. Qd2 Rg7 20. Bd3 {White leaves nothing to chance now.} Qb6 21. c3
Nxd3 22. Qxd3 Rg6 23. f5 Rg4 (23... Rh6 $16 {was called for.}) 24. fxe6 $18
fxe6 25. Qh7 $36 {[%mdl 2048] White is in control.} Kd8 {[#]} 26. Ne5 $1 {
[%mdl 576] Pin} Rxh4 (26... Rb8 27. Rd2) 27. Nf7+ Kc7 28. Qxh4 Kb7 (28... Rb8
$142 29. Rd2 Qe3) 29. Ka1 Bb5 {[#]} 30. Ne5 $1 {[%mdl 512]} Rc7 (30... Qa5 31.
Nd3) 31. Ng6 Bd8 32. Qb4 Rc4 33. Qf8 Ra4 {With the idea ...Bc4.} 34. Rd4 Bc4
35. a3 Bc7 (35... Qb3 {might work better.} 36. Rxc4 Qxc4) 36. Ne7 e5 (36... Ra5
$142 37. Qc8+ Ka7) 37. Qc8+ Ka7 38. Nxd5 Qc6 {[#]} 39. Rxc4 Rxc4 40. Qxc7+ Qxc7
41. Nxc7 Rxc7 42. Rf1 {Weighted Error Value: White=0.12/Black=0.37} 1-0

[Event "EICC 2021"]
[Site "Reykjavik"]
[Date "2021.08.28"]
[Round "3.14"]
[White "Nisipeanu, Liviu-Dieter"]
[Black "Suleymanli, Aydin"]
[Result "1-0"]
[WhiteElo "2671"]
[BlackElo "2536"]
[Annotator "TA"]
[PlyCount "54"]
[EventDate "2021.08.26"]
[EventType "swiss"]
[EventCountry "ISL"]
[Tiebreak "Cut1 Buchholz"]
[SourceTitle "playchess.com"]
[Source "ChessBase"]
[SourceQuality "1"]

{[%evp 15,54,15,1,0,0,-57,0,0,0,0,62,58,55,67,84,83,91,95,99,68,66,67,141,123,
152,135,160,118,111,112,185,192,189,206,198,211,188,181,174,194,212]} 1. e4 e6
2. d4 d5 3. Nc3 Bb4 4. e5 c5 5. a3 Bxc3+ 6. bxc3 Qa5 7. Bd2 Qa4 8. Qg4 Kf8 9.
h4 $1 {[%mdl 4] is recently more successful than 9.Qd1. C18: French: 3 Nc3 Bb4:
Main line: 7 h4 and 7 Qg4.} Nc6 10. Rh3 $5 {[%mdl 4] [#] Leaves trodden paths.}
(10. Qf4 $11) 10... Nge7 (10... Nxe5 $1 $15 11. Qf4 (11. Qg3 Nc6) 11... Nc6 12.
Qd6+ (12. Rf3 Nf6 $15) 12... Nge7) 11. h5 $11 {The position is equal.} h6 12.
Qf4 Ke8 (12... c4 $11) 13. dxc5 $14 {[#]} Qxf4 $146 ({Predecessor:} 13... Qxc2
14. Bd3 Qb2 15. Rc1 Qxa3 16. Rg3 Qxc5 17. Rxg7 Nf5 18. Bxf5 exf5 19. Nf3 Qe7 {
1/2-1/2 (31) Papp,P (2336)-Mammadova,G (2382) Tornelo INT 2020}) 14. Bxf4 f6
15. Nf3 g5 16. hxg6 Nxg6 17. Rxh6 Rxh6 18. Bxh6 fxe5 (18... Ngxe5 $14 19. Nxe5
Nxe5) 19. Rb1 Rb8 20. c4 e4 21. cxd5 exd5 22. Nd2 Nd4 {[#]} (22... Bf5 $16) 23.
c3 $1 $18 {[%cal Rc3d4] White is clearly better.} Nf5 {[#]} 24. Bg5 Bd7 25. c4
Bc6 26. cxd5 Bxd5 27. Rb4 Kf8 {Weighted Error Value: White=0.11/Black=0.23} 1-0

[Event "EICC 2021"]
[Site "Reykjavik"]
[Date "2021.08.28"]
[Round "3.15"]
[White "Kulaots, Kaido"]
[Black "Grandelius, Nils"]
[Result "1/2-1/2"]
[WhiteElo "2548"]
[BlackElo "2666"]
[Annotator "TA"]
[PlyCount "62"]
[EventDate "2021.08.26"]
[EventType "swiss"]
[EventCountry "ISL"]
[Tiebreak "Cut1 Buchholz"]
[SourceTitle "playchess.com"]
[Source "ChessBase"]
[SourceQuality "1"]

{[%evp 11,62,22,30,0,15,9,-6,-44,-35,-62,-54,-38,-29,-51,-11,-27,13,28,0,0,0,0,
60,64,72,63,93,21,20,20,21,21,16,23,18,14,13,10,10,10,10,8,12,18,24,24,17,18,
23,0,0,0,20]} 1. e4 c5 2. Nf3 d6 3. d4 cxd4 4. Nxd4 Nf6 5. Nc3 a6 6. h3 e5 7.
Nf3 {B90: Sicilian Najdorf: Unusual White 6th moves, 6 Be3 Ng4 and 6 Be3 e5.}
Nc6 {[#]} 8. g4 $146 ({Predecessor:} 8. Bc4 Be7 9. O-O h6 10. Nh4 Be6 11. Bxe6
fxe6 12. Ng6 Rg8 13. f4 Kf7 14. Nxe7 Nxe7 15. fxe5 dxe5 {0-1 (37) Kokarev,D 
(2526)-Gevorgyan,M (2244) Chess.com INT 2020}) 8... h6 9. g5 hxg5 10. Nxg5 {[#]
} Bg4 $1 11. f3 Bh5 12. Be3 Be7 13. Qd2 Nd4 14. Bxd4 exd4 15. Qxd4 Nd7 16. h4 (
{Wrong is} 16. Qxg7 $2 Bf6 $19) 16... Bxg5 ({Black should try} 16... Bf6 $1 $11
17. Qxd6 Be5) 17. hxg5 $14 Qxg5 18. Be2 ({Much worse is} 18. Qxd6 Ne5 $11)
18... Nf6 19. Kf2 (19. Qxd6 $16 {aiming for Kf2.} Rh6 20. Qb6) 19... O-O-O $11
20. Rag1 Qf4 {Strongly threatening ...d5!} 21. Qe3 Qxe3+ 22. Kxe3 d5 23. Nxd5
Nxd5+ 24. exd5 {Black must now prevent Kd4.} Rxd5 25. Bd3 Re8+ 26. Kf2 Bg6 27.
Bxg6 Rd2+ 28. Kg3 fxg6 29. Rh2 Rd5 30. Kf2 Rd2+ 31. Kg3 Rd5 {Weighted Error
Value: White=0.12/Black=0.10} 1/2-1/2

[Event "EICC 2021"]
[Site "Reykjavik"]
[Date "2021.08.28"]
[Round "3.16"]
[White "Lupulescu, Constantin"]
[Black "Valsecchi, Alessio"]
[Result "1/2-1/2"]
[WhiteElo "2659"]
[BlackElo "2527"]
[Annotator "TA"]
[PlyCount "45"]
[EventDate "2021.08.26"]
[EventType "swiss"]
[EventCountry "ISL"]
[Tiebreak "Cut1 Buchholz"]
[SourceTitle "playchess.com"]
[Source "ChessBase"]
[SourceQuality "1"]

{[%evp 14,45,37,31,42,40,44,35,41,14,24,21,31,24,25,19,28,33,24,17,40,39,41,2,
16,0,0,-12,0,1,37,6,25,17]} 1. e4 c5 2. Nf3 d6 3. d4 cxd4 4. Nxd4 Nf6 5. Nc3 a6
6. Bd3 g6 7. f3 Bg7 8. Be3 h5 {B72: Sicilian Dragon: 6 Be3, lines with h3+Bc4
and sidelines.} 9. Qd2 Nbd7 10. O-O-O b5 {White is slightly better.} 11. Nd5
Bb7 12. Nxf6+ Bxf6 {[#]} 13. Kb1 $146 ({Predecessor:} 13. Nb3 Rc8 14. Bd4 Bxd4
15. Nxd4 Qb6 16. Nb3 Nc5 17. Kb1 Nxd3 18. cxd3 b4 19. f4 {0-1 (30) Barski,R 
(2471)-Wieczorek,O (2503) Chorzow 2019}) 13... Rc8 14. Nb3 Nb6 15. Bd4 Bxd4 16.
Nxd4 e5 17. Nb3 O-O 18. h4 Kg7 19. g4 {Strongly threatening Na5.} Rh8 $1 20. g5
Re8 21. Rhe1 Ba8 22. Bf1 d5 23. Qf2 {Weighted Error Value: White=0.09/Black=0.
04} 1/2-1/2

[Event "EICC 2021"]
[Site "Reykjavik"]
[Date "2021.08.28"]
[Round "3.17"]
[White "Basso, Pier Luigi"]
[Black "Donchenko, Alexander"]
[Result "1/2-1/2"]
[WhiteElo "2541"]
[BlackElo "2657"]
[Annotator "TA"]
[PlyCount "117"]
[EventDate "2021.08.26"]
[EventType "swiss"]
[EventCountry "ISL"]
[Tiebreak "Cut1 Buchholz"]
[SourceTitle "playchess.com"]
[Source "ChessBase"]
[SourceQuality "1"]

{[%evp 12,117,28,26,37,35,40,32,34,28,32,35,39,25,37,36,35,28,61,52,62,56,83,
45,47,49,39,37,33,15,12,12,37,-10,-7,-15,-9,-8,-8,-12,-9,-8,-8,-8,-8,-8,-8,-8,
-8,-6,0,0,0,0,0,0,0,0,0,-2,0,0,0,0,0,-8,0,0,0,0,0,0,0,0,0,0,0,0,0,0,0,0,0,0,0,
0,0,0,0,0,0,0,0,0,0,0,0,0,0,0,0,0,0,0,0,-29992,29984,29986]} 1. d4 Nf6 2. c4 e6
3. Nf3 d5 4. Nc3 Bb4 5. cxd5 exd5 6. Bg5 h6 7. Bh4 Bf5 {D38: Queen's Gambit
Declined: Ragozin Defence (4 Nf3 Bb4).} 8. Qa4+ Nc6 9. e3 O-O {White is
slightly better.} 10. Bb5 g5 11. Bg3 Bxc3+ 12. bxc3 Ne7 13. Nd2 {[#]} Ng6 $146
({Predecessor:} 13... Ne4 14. Nxe4 Bxe4 15. O-O c6 16. Be2 Nf5 17. c4 dxc4 18.
Qxc4 Qd5 19. Qxd5 Bxd5 {1/2-1/2 (51) Leko,P (2712)-Yu,Y (2734) Danzhou 2016})
14. h3 a6 15. Be2 Re8 16. O-O $1 h5 17. Qb3 b5 18. a4 c6 19. Qb4 h4 20. Bh2 (
20. Be5 {looks sharper.} Nxe5 21. dxe5 Ne4 22. Nxe4 dxe4 23. Rfd1) 20... g4 21.
hxg4 Nxg4 22. Bxg4 Bxg4 23. axb5 cxb5 24. f3 Bf5 25. e4 {[%cal Re4f5]} dxe4 26.
fxe4 Bxe4 27. Nxe4 Rxe4 28. Qc5 Qd7 29. Qf5 Qxf5 30. Rxf5 Rc8 31. Rxa6 Rxc3 32.
Ra8+ Kg7 33. Ra7 Rc1+ 34. Kf2 Rxd4 {[#] Threatens to win with ...Rd2+.} (34...
Kh6 {keeps more tension.} 35. Raxf7 Rxd4 36. Bf4+ Nxf4 37. Rxf4 Rxf4+ 38. Rxf4
Rc2+) 35. Raxf7+ Kh6 36. Bf4+ Nxf4 37. Rxf4 Rxf4+ (37... Rd2+ {is more complex.
} 38. Ke3 Rxg2 39. Rxh4+ Kg6 40. Rf8 Kg7) 38. Rxf4 $11 {[%mdl 4096] Endgame
KR-KR} Rc4 (38... Rc2+ {seems wilder.} 39. Kf3 Rc4 40. Rf5 Rb4 41. Rd5 Kg6) 39.
Rf5 b4 40. Rb5 Rg4 41. Kf3 Rg3+ 42. Kf4 b3 43. Rb6+ Kg7 44. Kf5 Kf7 45. Ke4 Ke8
46. Kd5 Ke7 47. Kd4 Kf7 48. Ke4 Kg7 49. Kf5 Kf8 50. Ke5 Ke7 51. Kd4 Rxg2 52.
Rxb3 Kf6 53. Rb5 Kg6 {White must now prevent ...h3.} 54. Ke3 h3 {And now ...h2
would win.} 55. Kf3 Rg1 56. Rb6+ Kh5 {( -> ...h2)} 57. Rb5+ Rg5 (57... Kh4 $5
58. Rb4+ $8 Kh5 59. Rb5+ Kh6 60. Rb6+ Kg7 61. Rb7+ Kg8 $11) 58. Rc5 {[%mdl
8192] [#]} Re5 $4 {[%mdl 8192]} 59. Rxe5+ {[%mdl 32768] Weighted Error Value:
White=0.17/Black=0.15. An unexpected result.} 1/2-1/2

[Event "EICC 2021"]
[Site "Reykjavik"]
[Date "2021.08.28"]
[Round "3.18"]
[White "Abasov, Nijat"]
[Black "Stefansson, Hannes"]
[Result "1/2-1/2"]
[WhiteElo "2656"]
[BlackElo "2519"]
[Annotator "TA"]
[PlyCount "41"]
[EventDate "2021.08.26"]
[EventType "swiss"]
[EventCountry "ISL"]
[Tiebreak "Cut1 Buchholz"]
[SourceTitle "playchess.com"]
[Source "ChessBase"]
[SourceQuality "1"]

{[%evp 9,27,25,14,15,19,17,27,8,6,7,13,2,16,16,0,-14,0,-6,-3,-4]} 1. e4 e5 2.
Nf3 Nc6 3. Bc4 Nf6 4. d3 Bc5 5. a4 d6 6. c3 {Strongly threatening b4. C50:
Hungarian Defence and Giuoco Pianissimo.} a6 7. Bg5 h6 8. Bh4 {White has an
edge.} g5 {The position is equal.} 9. Bg3 O-O 10. O-O Ba7 11. Nbd2 Nh7 12. Kh1
Kg7 13. d4 {[%cal Rd4e5]} h5 {Black wants to play ...h4.} 14. h3 {[#] A rather
calm draw.  Weighted Error Value: White=0.02/Black=0.04} ({But not} 14. dxe5 h4
$17) {Predecessor:} 14... g4 $146 15. Nh4 exd4 16. f4 dxc3 17. bxc3 Kh8 18. Kh2
Qe7 19. e5 Rd8 20. Ne4 d5 21. Bxd5 {0-1 (33) Kuusik,J (2229)-Bennborn,J (2167)
ICCF email 2018} 1/2-1/2

[Event "EICC 2021"]
[Site "Reykjavik"]
[Date "2021.08.28"]
[Round "3.19"]
[White "Plat, Vojtech"]
[Black "Mamedov, Rauf"]
[Result "0-1"]
[WhiteElo "2531"]
[BlackElo "2654"]
[Annotator "TA"]
[PlyCount "98"]
[EventDate "2021.08.26"]
[EventType "swiss"]
[EventCountry "ISL"]
[Tiebreak "Cut1 Buchholz"]
[SourceTitle "playchess.com"]
[Source "ChessBase"]
[SourceQuality "1"]

{[%evp 16,98,13,-13,0,-6,-9,-12,-12,-13,-12,-22,-18,-8,-8,-22,-14,-19,-14,-20,
-15,-16,0,-10,-14,-11,-17,-17,0,0,0,0,0,0,0,0,0,-70,-72,-96,-100,-85,-90,-103,
0,0,0,0,0,0,0,0,0,-47,-47,-75,-80,-94,-89,-84,0,-80,0,-84,-70,-86,-73,-97,-89,
-93,-89,-2031,-2024,-2010,-1829,-498,-491,-1169,-1068,-743,-670,-29992,-29993,
-29993,-29994]} 1. d4 Nf6 2. Nf3 c5 3. c4 cxd4 4. Nxd4 e5 5. Nb5 d5 6. cxd5 Bc5
7. e3 O-O 8. N5c3 Bf5 9. Be2 Nbd7 {A31: Symmetrical English: 2 Nf3 Nf6 3 d4.}
10. Nd2 Bb4 11. e4 Bxe4 {The position is equal.} 12. Ncxe4 Nxe4 13. O-O {[#]}
Nd6 $146 ({Predecessor:} 13... Nef6 14. Nc4 Bc5 15. Be3 Rc8 16. Rc1 Nb6 17.
Bxc5 Rxc5 18. Nxb6 Qxb6 19. Rxc5 Qxc5 {0-1 (29) Cole,S (1865)-Daus,P (2417)
ICCF email 2011}) 14. Nb3 Nc5 15. Be3 Nxb3 16. Qxb3 Ba5 17. Rfc1 Bb6 18. Bxb6
axb6 19. Qc3 Re8 20. a4 $1 Ra5 21. Qd2 e4 22. Bb5 Nxb5 23. axb5 {Rxa5 is the
strong threat.} Rxa1 24. Rxa1 $11 {[%mdl 4096] Endgame KQR-KQR} Qd6 25. Ra7 h5
26. Rxb7 (26. Ra4 $11) 26... Re5 $15 27. Qe3 Rxd5 28. g3 Qe6 ({Reject} 28...
Rxb5 $6 29. Qxe4 Qd8 30. Ra7 $11) 29. Qe2 (29. Rxb6 $2 Rd1+ 30. Kg2 Qc4 $19)
29... h4 (29... g6 $17 30. Rb8+ Kh7) 30. Rb8+ $11 Kh7 {And now ...e3! would
win.} 31. Rxb6 $1 Qf5 32. Rc6 h3 33. Rc1 Rxb5 34. Re1 (34. Rc3 {keeps more
tension.} Ra5 35. Ra3 Rc5 36. Rc3 Ra5) 34... Rb4 35. Kf1 g6 36. Qd2 Qb5+ 37.
Qe2 Qf5 38. Qd2 Qb5+ (38... Rb3 {looks sharper.} 39. Qd4 Qb5+ 40. Kg1 Rb4 41.
Qe3 Qf5) 39. Qe2 $1 Qb7 {Hoping for ...e3.} 40. Qe3 Kg7 41. g4 Qa6+ 42. Kg1 {
[#] Threatens to win with Qc3+.} Qd3 ({Of course not} 42... Rxb2 43. Qxh3 Qd3
44. Qg3 $11) 43. f3 $2 {[%mdl 8192] This costs White the game.} (43. Qg3 $17)
43... Rxb2 $19 {( -> ...Qc2)} 44. fxe4 Qc2 {[%csl Gb2,Gh3][%cal Rc2g2]} 45. Qg3
Qd2 46. Qe5+ (46. Kf1 $142 Kg8 47. Kg1) 46... Kh7 {[%cal Rd2e1]} 47. Qg3 {[#]}
Kg8 $1 {[%cal Rg8f8]} 48. Kh1 {[#]} Rb3 $3 {[%mdl 512]} 49. Qg1 Qf4 {Weighted
Error Value: White=0.48/Black=0.07} 0-1

[Event "EICC 2021"]
[Site "Reykjavik"]
[Date "2021.08.28"]
[Round "3.20"]
[White "Saric, Ivan"]
[Black "Ferreira, Jorge Viterbo"]
[Result "1-0"]
[WhiteElo "2653"]
[BlackElo "2520"]
[Annotator "TA"]
[PlyCount "125"]
[EventDate "2021.08.26"]
[EventType "swiss"]
[EventCountry "ISL"]
[Tiebreak "Cut1 Buchholz"]
[SourceTitle "playchess.com"]
[Source "ChessBase"]
[SourceQuality "1"]

{[%evp 14,125,23,27,32,35,29,20,42,27,37,38,38,38,41,40,59,33,35,25,33,26,35,
34,18,44,31,30,81,54,62,73,61,49,108,108,104,101,108,108,120,111,136,121,137,
133,135,131,175,188,175,165,200,172,233,236,231,238,261,162,164,164,159,137,
237,231,355,326,313,332,328,319,303,312,355,352,381,384,383,367,564,519,647,
644,608,607,818,720,953,945,29949,29951,29939,12820,29953,29952,29952,29952,
29948,29949,29943,29945,10331,9439,5862,5430,29979,29980,29975,12799,29981,
29982,29980,29981]} 1. e4 c5 2. Nf3 e6 3. d4 cxd4 4. Nxd4 Nc6 5. Nc3 a6 6. a3
Qc7 7. Be3 b5 8. Nxc6 Qxc6 {B48: Sicilian: Taimanov: 5 Nc3 Qc7 6 Be3 a6
without Be2.} 9. Bd3 Bb7 10. Qd2 $5 {[%mdl 4] An interesting side line.} Rc8 {
The position is equal.} 11. f3 {[#]} Bc5 $146 ({Predecessor:} 11... Qc7 12. O-O
Nf6 13. f4 Ng4 14. Kh1 h5 15. h3 Nxe3 16. Qxe3 Bc5 17. Qe2 f6 {1-0 (27)
Szvitan,G (1858)-Horvath,A (2503) Geneve 2003}) 12. Bxc5 Qxc5 13. O-O-O {
And now Bxb5! would win.} Nf6 14. Rhe1 {Black must now prevent e5.} d6 15. f4
O-O 16. e5 dxe5 17. fxe5 Ng4 {...Nf2 is the strong threat.} 18. Qf4 Nf2 {[#]}
19. Bxh7+ $1 Kxh7 20. Rd2 f6 21. Rxf2 {Strongly threatening Qh4+.} fxe5 {
[%mdl 64] Pin} 22. Qh4+ Kg8 23. Rfe2 Qc4 {White leaves nothing to chance now.}
({Better is} 23... Rf5 $14) 24. Qxc4 $16 Rxc4 25. g3 Rf6 26. Rxe5 Kf7 27. Nd1
Rd4 28. Rc5 {Hoping for Rc7+.} Kg6 29. Rc7 Re4 30. Kd2 e5 {Threatens to win
with ...Rd6+.} 31. Rxe4 Bxe4 $18 {[%mdl 4096] Endgame KRB-KRN} 32. Ke3 Bg2 33.
Nf2 e4 (33... Rc6 $142 34. Rxc6+ Bxc6) 34. Re7 ({Worse is} 34. Nxe4 Re6 $17)
34... Rf3+ 35. Ke2 Kf6 36. Re8 Kf7 37. Re5 Bf1+ 38. Ke1 e3 (38... Bg2 $16 {
is a better defense.} 39. Rc5 Rf6 40. Rc7+ Kg8) 39. Ng4 ({Stronger than} 39.
Kxf1 Rxf2+ 40. Ke1 Rxc2 $15) 39... e2 (39... Bh3 $142) 40. Re3 Rf5 {[#]} 41.
Rf3 $3 {[%mdl 576] Deflection, Decoy} Rxf3 42. Ne5+ {[%mdl 64] Double Attack}
Ke6 43. Nxf3 {KB-KN} Kd5 44. Nd2 Bh3 45. Kxe2 Bf5 46. c3 g5 (46... Ke5 {
was called for.} 47. Ke3 Bc8 48. Nf3+ Kf5) 47. h4 gxh4 48. gxh4 Ke5 49. Ke3 Bg6
50. b3 {[%cal Bb2b3,Bb3c4][%mdl 32]} Bf7 51. c4 bxc4 52. bxc4 Bh5 53. Nf3+ Kd6
54. Ke4 Kc5 55. Ne5 Be2 56. Ke3 Bh5 57. Kd3 Bd1 58. Kc3 Be2 59. Nd3+ Kb6 60.
Nf4 Bg4 61. h5 (61. Kd4 $142 Kc6 62. h5 a5 63. h6 Bf5 64. Nd5 Kd7 65. Nf6+ Kd8
66. Ke5) 61... Ka5 62. h6 Bf5 63. Nd5 {Weighted Error Value: White=0.06/
Black=0.63} 1-0

[Event "EICC 2021"]
[Site "Reykjavik"]
[Date "2021.08.28"]
[Round "3.21"]
[White "Deac, Bogdan-Daniel"]
[Black "Nagy, Gabor"]
[Result "0-1"]
[WhiteElo "2639"]
[BlackElo "2518"]
[Annotator "TA"]
[PlyCount "56"]
[EventDate "2021.08.26"]
[EventType "swiss"]
[EventCountry "ISL"]
[Tiebreak "Cut1 Buchholz"]
[SourceTitle "playchess.com"]
[Source "ChessBase"]
[SourceQuality "1"]

{[%evp 13,56,35,47,41,48,67,62,47,79,51,42,61,59,31,40,0,47,49,33,0,0,-118,
-114,-98,25,-143,-100,-102,-94,-93,-89,-391,-342,-798,-812,-806,-802,-782,-769,
-825,-807,-939,-970,-952,-910]} 1. e4 c5 2. Nf3 e6 3. d4 cxd4 4. Nxd4 Nc6 5.
Nc3 a6 6. Be3 Nf6 7. a3 d5 8. exd5 {B46: Sicilian: Taimanov: 5 Nc3 a6.} exd5 9.
Qd2 Be7 10. O-O-O {White is slightly better.} O-O 11. h3 {[#]} Be6 $146 ({
Predecessor:} 11... Re8 12. g4 Ne5 13. f4 Nc4 14. Bxc4 dxc4 15. Rhe1 Bf8 16.
Qf2 Qc7 {1-0 (30) Ghyssens,D (2306)-Marcin,D (2108) ICCF email 2009}) 12. g4
Nxd4 13. Bxd4 b5 14. Bd3 b4 15. axb4 Bxb4 16. Qf4 {[#] Bxf6 is the strong
threat.} Bd6 17. Be5 (17. Qg5 $11) 17... Bxe5 $17 18. Qxe5 Qb6 (18... Rb8 $17 {
And now ...Qb6 would win.} 19. b3 Re8) 19. f4 $2 (19. g5 $11 Ne4 20. Nxe4 dxe4
21. Bxe4) 19... Rab8 20. Ne2 Ne4 21. Bxe4 dxe4 22. Rd2 $2 {[%mdl 8192] White
does not recover from this.} (22. Rd6 $17 {is a better chance.} Qe3+ {[%mdl 64]
Double Attack} 23. Rd2) 22... Rfe8 {Hoping for ...Bc4.} 23. Qc3 (23. Rd6 Qe3+ {
[%mdl 64] Double Attack} 24. Rd2) 23... e3 $19 {Black is clearly winning.} 24.
Rdd1 Rec8 25. Qa3 Rc5 {aiming for ...Ra5.} 26. b4 {[#]} a5 $1 {[%cal Ba6a5,
Ba5b4,Bb4b3][%mdl 544]} 27. Rd4 (27. Nd4 axb4) 27... axb4 28. Qxe3 b3 {
Weighted Error Value: White=0.66/Black=0.16} 0-1